000 00819nam a22003010a 4500
001 PT45342
003 AR-LpoUNG
005 20210131231045.0
008 191001s2008||||ag |||||||||||||||||spa d
020 _a9789872055516
_c$4,55
040 _aAR-LpoUNG
_bspa
_cAR-LpoUNG
_eaacr
041 _aspa
044 _aag
082 0 _a808.068 3 393ref
100 1 _aPeluffo, Diego
245 1 0 _aMi mamá es referí
250 _a1§ ed.
260 _aBuenos Aires :
_bLibrería de Mujeres Editoras,
_cdiciembre 2008.
300 _a24 p. :
_bil.
505 0 _aSugerido a partir de 8 años (etiqueta CELESTE)
650 4 _aCUENTOS
650 4 _aLITERATURA
651 4 _aDOCUMENTOS TEORICOS O METODOLOGICOS
653 _aLITERATURA INFANTIL
700 1 _aZaffore, Laura
_eil.
905 _a45342
942 _cLIB
999 _c7757
_d7757